dD. és az írás hatalma ; dD. töredelem, egész ; Levelek között a sötét ; dD. és egy hét esőhang [vers] /

Elmentve itt :
Bibliográfiai részletek
Szerző: Deák Botond
Dokumentumtípus: Cikk
Megjelent: Pompeji Alapítvány Szeged 1997
Sorozat:Pompeji
Kulcsszavak:Magyar irodalom - vers
Tárgyszavak:
Online Access:http://acta.bibl.u-szeged.hu/9367
LEADER 00759nab a2200205 i 4500
001 acta9367
005 20250516115504.0
008 161015s1997 hu o 000 hun d
022 |a 0865-5553 
040 |a SZTE Egyetemi Kiadványok Repozitórium  |b hun 
041 |a hun 
100 1 |a Deák Botond 
245 1 0 |a dD. és az írás hatalma ; dD. töredelem, egész ; Levelek között a sötét ; dD. és egy hét esőhang   |h [elektronikus dokumentum] :  |b [vers] /  |c  Deák Botond 
260 |a Pompeji Alapítvány  |b Szeged  |c 1997 
300 |a 7-10 
490 0 |a Pompeji 
650 4 |a Bölcsészettudományok 
650 4 |a Nyelvek és irodalom 
695 |a Magyar irodalom - vers 
856 4 0 |u http://acta.bibl.u-szeged.hu/9367/1/pompeji_1997_004_007-010.pdf  |z Dokumentum-elérés